Catálogo
 En Linea

Elites in Latin America / (Registro nro. 57810)

Detalles MARC
000 -CABECERA
campo de control de longitud fija 01046nam a2200265 i 4500
003 - IDENTIFICADOR DEL NÚMERO DE CONTROL
campo de control DO-SdBNP
005 - FECHA Y HORA DE LA ÚLTIMA TRANSACCIÓN
campo de control 20241010102634.0
007 - CAMPO FIJO DE DESCRIPCIÓN FÍSICA--INFORMACIÓN GENERAL
campo de control de longitud fija ta
008 - DATOS DE LONGITUD FIJA--INFORMACIÓN GENERAL
campo de control de longitud fija 241010s1967 xxu 000 0 spa d
040 ## - FUENTE DE LA CATALOGACIÓN
Centro catalogador/agencia de origen DO-SdBNP
Lengua de catalogación spa
Centro/agencia transcriptor BNPHU
Normas de descripción rda
082 ## - NÚMERO DE LA CLASIFICACIÓN DECIMAL DEWEY
Número de clasificación 309.18
Número de documento/Ítem L767
Número de edición 22
100 1# - ENTRADA PRINCIPAL--NOMBRE DE PERSONA
Nombre de persona Lipset, Seymour Martin
9 (RLIN) 11765
Término indicativo de función/relación autor
245 10 - MENCIÓN DE TÍTULO
Título Elites in Latin America /
Mención de responsabilidad, etc. Seymour Martin Lipset, Aldo Solari.
264 #1 - PRODUCCIÓN, PUBLICACIÓN, DISTRIBUCIÓN, FABRICACIÓN Y COPYRIGHT
Producción, publicación, distribución, fabricación y copyright New York, Estados Unidos :
Nombre del de productor, editor, distribuidor, fabricante Oxford University Press,
Fecha de producción, publicación, distribución, fabricación o copyright 1967.
300 ## - DESCRIPCIÓN FÍSICA
Extensión xii, 531 páginas,
Dimensiones 20 cm.
336 ## - TIPO DE CONTENIDO
Término de tipo de contenido texto
Código de tipo de contenido txt
Fuente rdacontent
337 ## - TIPO DE MEDIO
Nombre/término del tipo de medio sin mediación
Código del tipo de medio n
Fuente rdamedia
338 ## - TIPO DE SOPORTE
Nombre/término del tipo de soporte volumen
Código del tipo de soporte nc
Fuente rdacarrier
500 ## - NOTA GENERAL
Nota general "Resultado de un Seminario sobre Élites y Desarrollo en América Latina celebrado en la Universidad de Montevideo, Uruguay, en junio de 1965. La conferencia fue convocada conjuntamente por los dos editores."
504 ## - NOTA DE BIBLIOGRAFÍA, ETC.
Nota de bibliografía, etc. Incluye referencias bibliográficas.
590 ## - NOTA LOCAL (RLIN)
Nota local Inventariado, 2024/ YL
700 1# - PUNTO DE ACCESO ADICIONAL--NOMBRE DE PERSONA
Código de función/relación aut.
Nombre de persona Solari, Aldo
Término indicativo de función/relación autor
9 (RLIN) 86681
910 ## - DATOS DE OPCIÓN DEL USUARIO (OCLC)
Datos de opción del usuario YLockward
942 ## - ELEMENTOS DE PUNTO DE ACCESO ADICIONAL (KOHA)
Fuente del sistema de clasificación o colocación Dewey Decimal Classification
Tipo de ítem Koha Libro
Existencias
Estado de retiro Estado de pérdida Fuente del sistema de clasificación o colocación Restricciones de uso No para préstamo Código de colección Localización permanente Ubicación/localización actual Ubicación en estantería Fecha de adquisición Fuente de adquisición Total de préstamos Signatura topográfica completa Código de barras Fecha visto por última vez Precio válido a partir de Tipo de ítem Koha Nota pública
    Dewey Decimal Classification Préstamo en sala   General Biblioteca Nacional Pedro Henríquez Ureña Biblioteca Nacional Pedro Henríquez Ureña En catalogación 01.10.2014 Donación   BNPHU GR 309.18 L767 2024-5701 10.10.2024 10.10.2024 Libro Perteneció a la biblioteca personal de Chiqui Vicioso/Fidelio Despradel

Con tecnología Koha